| 000 | 00573nam a22002057a 4500 | ||
|---|---|---|---|
| 001 | 00028598 | ||
| 005 | 20260319150948.0 | ||
| 008 | 260319b ag ||||| |||| 00| 0 spa d | ||
| 020 | _a9870004903 | ||
| 040 |
_bspa _cAR-CcCEOS |
||
| 080 | _a860-4(82) | ||
| 090 | _bALI | ||
| 100 | 1 |
_aAlizade, Alcira Mariam _9929 |
|
| 245 |
_aTiempo de mujeres : _bconversaciones íntimas en femenino / _cAlcira Mariam Alizade |
||
| 250 | _a2a ed. | ||
| 260 |
_aBuenos Aires : _bLumen, _c2005. |
||
| 300 |
_a128 p. ; _c22x15 cm. |
||
| 650 | 0 | _amujeres-actualidad | |
| 942 |
_2udc _cBK |
||
| 999 |
_c28628 _d28628 |
||
| 945 |
_a66467 _bMelina Rolando _c66467 _dMelina Rolando |
||